000 00601nam a22002177a 4500
003 OSt
005 20140310181924.0
008 130719t xxu||||| |||| 00| 0 eng d
050 _aM 288
_b.V974 1947
082 _aTR 788.62
_bV94 1947
100 _aVoxman, H.
_91937
245 _aSelected duets for clarinet : Volume 1 (easy-medium) /
_cH. Voxman.
260 _aMiami, Florida :
_bRubank, Inc,
_cc1947.
300 _a72 p. :
_bill. ;
_c30 cm.
521 _aFaculty
541 _j1
562 _e1
650 _aMusic.
_91429
650 _aClarinet.
_91938
942 _2lcc
_cBK-TR
_kTR
999 _c7126
_d7126